Wien als Magnet?. - Wien : Verl. d. Österr. Akad. d. Wiss.. - 1996 [Rezension]

Titel: Wien als Magnet?. - Wien : Verl. d. Österr. Akad. d. Wiss.. - 1996 [Rezension]
Verfasser:
In: ˜Dieœ Welt der Slaven, Band 44 (1999), Seite 382-383
alle Artikel anzeigen
Veröffentlicht: 1999
Format: Aufsatz
Sprache: Russisch
Kein Bild verfügbar
X
alg: 39504439
001A    $01999:12-11-16 
001B    $01999:04-08-21 $t21:03:00.000 
001D    $01999:12-11-16 
001U    $0utf8 
001X    $00 
002@    $0Aox 
003@    $0395044391 
007A    $0395044391 $aHEB 
007T    $0Herd16386 
010@    $arus 
011@    $a1999 
021A    $aWien als Magnet?. - Wien : Verl. d. Österr. Akad. d. Wiss.. -  1996 [Rezension] 
028A    $aPoljakov $dFedor 
031A    $d44 $h382-383 $j1999 
039B    $aIn $8--Abvc--. Die @Welt der Slaven. - Wiesbaden : Harrassowitz Verlag, 1956-. - ISSN 0043-2520 $x199900000440000618 $9047267410 
039T    $8--Aau--. Wien als Magnet?. - Wien : Verl. d. Österr. Akad. d. Wiss., 1996. - 613 S.. - ISBN 3-7001-2593-3 $9050871056 
045F    $a900.9437 $eDDC23BSB 
045F/01 $a900 
045F/03 $g437 
045T    $aGER $qDE-30 $2FID 

lok: 39504439 78

exp: 39504439 78 1 #EPN
201B/01 $018-11-16 $t13:34:32.000 
201U/01 $0utf8 
203@/01 $0791343006 
208@/01 $a12-11-16 $be 
209A/01 $a/ $f000 $x00 
220C/01 $aTitelaufnehmer: nk 
244Z/01 $2Trx $#Kesk- ja Ida- Euroopa kontseptsioonid $#Vidurio Europos koncepcijos $#East-Central Europe $#Keletközépeurópa-eszmék $#Europa Środkowo-Wschodnia koncepcje $#Európa stredovýchodná koncepcie $#Evropa střední, východní část koncepce $#Mitteleuropa $#Osteuropakonzeptionen $#Europa Środkowa koncepcje $#Stredná Európa koncepcie $#Střední Europa koncepce $8--Trx--Ostmitteleuropakonzeptionen $x01 $9391364286 
244Z/01 $2Trx $#arvustused $#recenzijos $#Reviews $#recenziók $#recenzje $#recenzie $#recenze $8--Trx--Rezensionen $x02 $9391357441 
247C/01 $82080>Marburg/Lahn, Herder-Institut, Forschungsbibliothek, Bibliographieportal $9336309341
LEADER 00000caa a22000002c 4500
001 395044391
003 DE-603
005 20210804210300.0
007 tu
008 161112s1999 xx |||| | u00||u|rus c
035 |a (DE-599)HEB395044391 
040 |a DE-603  |b ger  |c DE-603  |d DE-603 
041 |a rus 
082 0 4 |8 1\u  |a 900.9437  |q DE-101  |2 23/BSB 
084 |a GER  |q DE-30  |2 fid 
085 |8 1\u  |b 900 
085 |8 1\u  |z 2  |s 437 
100 1 |a Poljakov, Fedor 
245 0 0 |a Wien als Magnet?. - Wien : Verl. d. Österr. Akad. d. Wiss.. - 1996 [Rezension] 
264 0 |c 1999 
773 0 8 |i In  |t ˜Dieœ Welt der Slaven  |d Wiesbaden : Harrassowitz Verlag, 1956-  |x 0043-2520  |g Band 44 (1999), Seite 382-383  |w (DE-603)047267410  |w (DE-600)202661-2 
787 0 8 |i Rezension von  |t Wien als Magnet?  |d Wien : Verl. d. Österr. Akad. d. Wiss., 1996  |h 613 S.  |z 3700125933  |w (DE-603)050871056 
924 0 |9 2080  |a (DE-603)791343006  |b DE-2080  |c HES  |d d  |g /